Hockey sur Glace : Vainqueurs de la Coupe de France 2008-2020 - Statistiques

Statistiques générales
  • Ce quiz a été pris 241 fois
  • Le résultat moyen est 10 sur 12
Statistiques - réponses
Hint Réponse % Correct
2010-2011 Rouen
97%
2014-2015 Rouen
97%
2015-2016 Rouen
97%
2008-2009 Grenoble
96%
2016-2017 Grenoble
96%
2013-2014 Angers
84%
2018-2019 Amiens
83%
2019-2020 Amiens
83%
2017-2018 Lyon
66%
2009-2010 Briançon
65%
2012-2013 Briançon
65%
2011-2012 Dijon
44%
Aucun quiz correspondant
Distribution des résultats
% des personnes avec chaque résultat
Percentile par nombre de réponses
Votre historique - résultats
Vous n’avez pas pris ce quiz